[Event "Mondiale Lampo FIDE 2022"]
[Site "Alma Ata"]
[Date "29.12.2022"]
[Round "12.42"]
[White "Nogerbek, Kazybek"]
[Black "Salem, A.R. Saleh"]
[Result "1/2-1/2"]
[WhiteTitle ""]
[BlackTitle ""]
[WhiteElo "2468"]
[BlackElo "2677"]
[WhiteFideId "13710427"]
[BlackFideId "9301348"]
[EventDate "29.12.2022"]

1. Nf3 Nf6 2. c4 g6 3. b4 Bg7 4. Bb2 O-O 5. g3 d6 6. Bg2 e5 7. d3 Nh5 8. Nc3 f5
9. Nd2 Nc6 10. b5 Nd4 11. a4 Rb8 12. Nb3 c6 13. e3 Ne6 14. d4 exd4 15. exd4 f4
16. g4 f3 17. Bxf3 Ng5 18. Be2 Qe7 19. Qc2 Bxg4 20. O-O-O Rxf2 21. Rd2 Bf5 22.
Bd3 Rxd2 23. Qxd2 Nf3 24. Qe2 Qxe2 25. Bxe2 Nxd4 26. Nxd4 Bxd4 27. Bxh5 gxh5 28.
Re1 Be5 29. Ne2 Bxb2+ 30. Kxb2 Re8 31. Rg1+ Kf7 32. Nd4 Bd7 33. Rf1+ Kg6 34. Rd1
Rf8 35. Nxc6 Bxc6 36. bxc6 bxc6 37. Rxd6+ Rf6 38. Rd2 Kg5 39. Kc3 a5 40. Re2 c5
41. Kd3 Rd6+ 42. Kc3 Rf6 43. Kd3 Rd6+ 44. Kc3 Kg4 45. Re5 Rc6 46. Kd3 h4 47. Ke4
Kh3 48. Rh5 Rc7 49. Kd5 Kg4 50. Rh6 Kg5 51. Ra6 Kg4 52. Rxa5 Kh3 53. Kd6 Rc8 54.
Kd7 Rb8 55. Rxc5 Rb4 56. a5 Kxh2 57. Kc6 h3 58. a6 Kg3 59. Rg5+ Kh4 60. Rg7 h5
61. Rg1 Rxc4+ 62. Kb5 Rc2 63. Ra1 Rc8 64. a7 h2 65. Ra4+ Kg3 66. Ra3+ Kg4 67.
Ra4+ Kg3 68. Ra3+ Kg4 69. Ra4+ Kg5 70. Ra1 Ra8 71. Kb6 Kg4 72. Ra4+ Kg3 73. Ra3+
Kg4 74. Ra4+ Kg5 75. Ra1 Kg4 76. Ra4+ 1/2-1/2

[Event "Mondiale Lampo FIDE 2022"]
[Site "Alma Ata"]
[Date "29.12.2022"]
[Round "12.43"]
[White "Suleymanli, Aydin"]
[Black "Andriasian, Zaven"]
[Result "1-0"]
[WhiteTitle ""]
[BlackTitle ""]
[WhiteElo "2543"]
[BlackElo "2580"]
[WhiteFideId "13413937"]
[BlackFideId "13302000"]
[EventDate "29.12.2022"]

1. c4 e5 2. Nc3 Nc6 3. Nf3 Bb4 4. Qc2 Nf6 5. e3 Bxc3 6. bxc3 O-O 7. e4 d6 8. Be2
Kh8 9. g3 Bh3 10. d3 h6 11. Bf1 Qd7 12. Rb1 b6 13. Nh4 Ne7 14. f3 Bxf1 15. Rxf1
c6 16. Ng2 d5 17. Ne3 Rfe8 18. Ba3 Ng6 19. Nf5 dxc4 20. dxc4 Qe6 21. Kf2 Red8
22. Qe2 Ne8 23. Kg1 Rd7 24. Rbd1 Rad8 25. Ne3 Nc7 26. Rxd7 Rxd7 27. Rd1 b5 28.
Rxd7 Qxd7 29. cxb5 Nxb5 30. Bb2 Ne7 31. Qd1 Qe6 32. c4 Nd6 33. Qd3 Kh7 34. Ba3
Ndc8 35. Qd8 h5 36. Kf2 h4 37. Ke2 g6 38. Bc5 h3 39. Kd3 Ng8 1-0

[Event "Mondiale Lampo FIDE 2022"]
[Site "Alma Ata"]
[Date "29.12.2022"]
[Round "12.44"]
[White "Svane, Frederik"]
[Black "Adhiban, Baskaran"]
[Result "0-1"]
[WhiteTitle ""]
[BlackTitle ""]
[WhiteElo "2568"]
[BlackElo "2611"]
[WhiteFideId "12923044"]
[BlackFideId "5018471"]
[EventDate "29.12.2022"]

1. e4 e5 2. Nf3 Nc6 3. Bc4 Nf6 4. d3 Bc5 5. Nc3 a6 6. O-O d6 7. a3 Bg4 8. h3 Bh5
9. Be3 Nd4 10. Bxd4 Bxd4 11. g4 Bxc3 12. bxc3 Bg6 13. Nh4 Nd7 14. Nxg6 hxg6 15.
Qf3 Qf6 16. Qxf6 Nxf6 17. Kg2 g5 18. a4 a5 19. d4 Ke7 20. Rab1 b6 21. Rb5 Nd7
22. Bd5 Rad8 23. Bc6 Nb8 24. Bb7 f6 25. Rd1 Nd7 26. Kg3 Nf8 27. c4 Ne6 28. c3
Nf4 29. Rh1 exd4 30. cxd4 Ne2+ 31. Kg2 Nxd4 32. Rb2 Ne6 0-1

[Event "Mondiale Lampo FIDE 2022"]
[Site "Alma Ata"]
[Date "29.12.2022"]
[Round "12.45"]
[White "Idani, Pouya"]
[Black "Pranav, V"]
[Result "1/2-1/2"]
[WhiteTitle ""]
[BlackTitle ""]
[WhiteElo "2637"]
[BlackElo "2545"]
[WhiteFideId "12510130"]
[BlackFideId "25060783"]
[EventDate "29.12.2022"]

1. e4 e5 2. Nf3 Nc6 3. Bb5 a6 4. Bxc6 dxc6 5. Nc3 f6 6. d4 exd4 7. Nxd4 Bd6 8.
Be3 Ne7 9. Qh5+ g6 10. Qe2 O-O 11. O-O-O Qe8 12. h4 c5 13. Nf3 b6 14. h5 g5 15.
e5 fxe5 16. Nxg5 Nf5 17. Qd3 Bb7 18. g4 Bxh1 19. Rxh1 h6 20. gxf5 hxg5 21. Rg1
Kh8 22. Rxg5 Rd8 23. Qe4 Qf7 24. Qg4 Be7 25. Rg6 Rd6 26. Ne4 Qxf5 27. Qxf5 Rxf5
28. Nxd6 cxd6 29. h6 Bf8 30. c4 b5 31. b3 bxc4 32. bxc4 Kh7 33. Re6 Rh5 34. Kc2
a5 35. Kd3 Rh4 36. a4 Kg8 37. Re8 Kf7 38. Ra8 Bxh6 39. Rxa5 e4+ 40. Ke2 Bxe3 41.
Kxe3 Ke6 42. Ra6 Rh3+ 43. Kxe4 Rc3 44. Ra8 Rxc4+ 45. Ke3 d5 46. f4 Rc3+ 47. Kd2
Ra3 48. a5 Kf5 49. a6 Ke4 50. f5 Ra2+ 51. Kc1 Kd3 52. f6 c4 53. Rd8 Rxa6 54. f7
c3 55. Rxd5+ Kc4 56. f8=Q Kxd5 57. Qf5+ Kd4 58. Qf4+ Kd5 59. Kc2 Rc6 60. Qf3+
Kd6 61. Qd1+ Ke6 62. Qd4 Rc7 63. Qb6+ Kd7 64. Qa6 Rc6 65. Qb5 Kd6 66. Qd3+ Ke6
67. Qd4 Rc7 68. Qf2 Rc6 69. Qf4 Rc5 70. Qh6+ Kd5 71. Qg5+ Kd6 72. Qf6+ Kd7 73.
Qb6 Rc6 74. Qb7+ Kd6 75. Qb1 Ke6 76. Qe1+ Kd6 77. Qd1+ Ke6 78. Qe2+ Kd6 79. Qb5
Rc7 1/2-1/2

[Event "Mondiale Lampo FIDE 2022"]
[Site "Alma Ata"]
[Date "29.12.2022"]
[Round "12.46"]
[White "Makarian, Rudik"]
[Black "Jumabayev, Rinat"]
[Result "0-1"]
[WhiteTitle ""]
[BlackTitle ""]
[WhiteElo "2554"]
[BlackElo "2609"]
[WhiteFideId "44105681"]
[BlackFideId "13702661"]
[EventDate "29.12.2022"]

1. d3 c5 2. g3 g6 3. Bg2 Bg7 4. c4 Nc6 5. Nc3 e6 6. Bxc6 dxc6 7. f4 e5 8. fxe5
Bxe5 9. Nf3 Bxc3+ 10. bxc3 Bh3 11. Bg5 f6 12. Be3 Qe7 13. Qd2 O-O-O 14. Kf2 g5
15. Rab1 Re8 16. Rb3 Nh6 17. Rhb1 b6 18. Bd4 Ng4+ 19. Ke1 Bg2 20. Bxc5 Qxc5 21.
Nd4 h5 22. e4 Bxe4 23. dxe4 Rxe4+ 24. Kd1 Ne3+ 25. Kc1 Nxc4 26. Qf2 Rd8 27. Qxf6
Re1+ 28. Kc2 Rxb1 29. Qxd8+ Kxd8 30. Ne6+ Ke7 31. Nxc5 Rh1 32. Ne4 Rxh2+ 33. Kd3
Ne5+ 34. Kd4 Nf3+ 35. Ke3 g4 36. Ra3 a5 37. c4 Rb2 38. c5 bxc5 39. Rxa5 c4 40.
Rxh5 Rxa2 41. Rc5 Kd7 42. Nf6+ Kd6 43. Ne4+ Kc7 44. Rxc4 Ne5 45. Rc3 Ra4 46. Kf4
Ng6+ 47. Kf5 Ne7+ 48. Ke5 Nd5 49. Rc1 Ra3 50. Rh1 Re3 51. Kf5 Ne7+ 52. Ke5 Rf3
53. Rh7 Kd8 54. Ke6 Re3 55. Ke5 Nd5 56. Kd4 Rxe4+ 57. Kxe4 Nf6+ 58. Kf5 Nxh7 59.
Kxg4 Ke7 60. Kf5 Nf6 61. Ke5 Nd7+ 62. Kf5 c5 63. g4 c4 64. Ke4 Kf6 65. Kd4 Nb6 0-1

[Event "Mondiale Lampo FIDE 2022"]
[Site "Alma Ata"]
[Date "29.12.2022"]
[Round "12.47"]
[White "Donchenko, Alexander"]
[Black "Gharibyan, Mamikon"]
[Result "1-0"]
[WhiteTitle ""]
[BlackTitle ""]
[WhiteElo "2636"]
[BlackElo "2480"]
[WhiteFideId "24603295"]
[BlackFideId "13308300"]
[EventDate "29.12.2022"]

1. Nf3 d5 2. e3 Nf6 3. c4 e6 4. Nc3 Bd6 5. b3 O-O 6. Bb2 c5 7. cxd5 exd5 8. d4
cxd4 9. Nxd4 Ne4 10. Nxe4 dxe4 11. a3 Qg5 12. Nb5 Be5 13. h4 Qf6 14. Bxe5 Qxe5
15. Qd4 Qxd4 16. Nxd4 Bd7 17. O-O-O Bg4 18. Rd2 Nd7 19. f3 exf3 20. gxf3 Bh5 21.
Rg1 Rac8+ 22. Kb2 Ne5 23. Be2 f6 24. f4 Bxe2 25. fxe5 Bh5 26. Ne6 Rf7 27. exf6
Rxf6 28. Rxg7+ Kh8 29. Re7 Rf1 30. Nf4 Bg4 31. Rxb7 Bf5 32. Rxa7 Rb1+ 33. Ka2 h5
34. a4 Rbc1 35. Ra5 Bh7 36. Rxh5 R1c3 37. Rd7 1-0

[Event "Mondiale Lampo FIDE 2022"]
[Site "Alma Ata"]
[Date "29.12.2022"]
[Round "12.49"]
[White "Sargissian, Gabriel"]
[Black "Isanzhulov, Arystan"]
[Result "1-0"]
[WhiteTitle ""]
[BlackTitle ""]
[WhiteElo "2699"]
[BlackElo "2313"]
[WhiteFideId "13300881"]
[BlackFideId "13711644"]
[EventDate "29.12.2022"]

1. d4 Nf6 2. Nf3 d6 3. c4 g6 4. Nc3 Bf5 5. Bg5 Bg7 6. e3 O-O 7. Be2 c5 8. O-O
Nc6 9. d5 Na5 10. Nd2 Rb8 11. e4 Bc8 12. Qc2 a6 13. a4 Re8 14. f4 Nd7 15. Bd3
Qb6 16. b3 e6 17. f5 Ne5 18. dxe6 fxe6 19. f6 Bf8 20. Rab1 Nac6 21. Nf3 Nf7 22.
e5 Nb4 23. Qe2 Nxd3 24. Qxd3 dxe5 25. Qe3 Qc7 26. Rbe1 Bd7 27. Nxe5 Qxe5 28.
Qxe5 Nxe5 29. Rxe5 Kf7 30. Ne4 Bc6 31. Nxc5 Bd6 32. Nd3 Rbd8 33. Re3 Bb8 34.
Ne5+ Bxe5 35. Rxe5 Rd3 36. b4 Bxa4 37. Rc5 Bc6 38. b5 axb5 39. cxb5 Rd5 40. Rfc1
Rxg5 41. Rxg5 Bd5 42. Rf1 Rc8 43. h4 h6 44. Rg3 Rc2 45. Rf2 Rc1+ 46. Kh2 Rc4 47.
Rh3 Rb4 48. Rc3 Rxh4+ 49. Kg3 Rc4 50. Rxc4 Bxc4 51. b6 Bd5 52. Kh4 e5 53. g4 e4
54. g5 hxg5+ 55. Kxg5 Bc4 56. Rf4 Bd3 57. Rh4 e3 58. Rh7+ Kf8 59. Rxb7 e2 60.
Re7 Ba6 61. Rxe2 Bxe2 62. b7 Kf7 63. b8=Q 1-0

[Event "Mondiale Lampo FIDE 2022"]
[Site "Alma Ata"]
[Date "29.12.2022"]
[Round "12.50"]
[White "Tsaruk, Maksim"]
[Black "Saraci, Nderim"]
[Result "0-1"]
[WhiteTitle ""]
[BlackTitle ""]
[WhiteElo "2373"]
[BlackElo "2468"]
[WhiteFideId "13511173"]
[BlackFideId "6351921"]
[EventDate "29.12.2022"]

1. e4 e5 2. Nf3 Nc6 3. Nc3 Nf6 4. d4 exd4 5. Nxd4 Bb4 6. Nxc6 bxc6 7. Bd3 d5 8.
exd5 cxd5 9. O-O O-O 10. h3 c6 11. Qf3 Re8 12. Bg5 Be6 13. Ne2 Be7 14. Nd4 Bd7
15. Nf5 Bxf5 16. Qxf5 g6 17. Qf3 Nd7 18. Bf4 Bf6 19. Rae1 Bxb2 20. Qg3 Bg7 21.
Bc7 Qf6 22. c4 Nc5 23. cxd5 cxd5 24. Rxe8+ Rxe8 25. Bb5 Rc8 26. Ba5 Ne4 27. Qd3
Qd4 28. Qb3 Rb8 29. Qa4 Qc5 30. Bd3 Bd4 31. Be1 h5 32. Qd7 Kg7 33. a4 Rb2 34.
Bxe4 dxe4 35. a5 Re2 36. a6 Rxe1 37. Rxe1 Bxf2+ 38. Kf1 Bxe1 39. Kxe1 Qe3+ 40.
Kf1 Qd3+ 41. Qxd3 exd3 42. Ke1 Kf6 43. Kd2 Ke5 44. Kxd3 Kd5 45. g4 hxg4 46. hxg4
Ke5 47. Kc4 Kf4 48. Kc5 Kxg4 49. Kc6 f5 50. Kb7 f4 51. Kxa7 f3 52. Kb6 f2 53. a7
f1=Q 54. a8=Q Qf2+ 55. Kb5 Qf5+ 56. Kb6 Qe6+ 57. Kc5 Qe5+ 58. Kb6 Qd4+ 59. Kc7
Qc5+ 60. Kd7 Qf5+ 61. Kd6 Qf4+ 62. Kc5 g5 63. Qg2+ Kf5 64. Qc2+ Kf6 65. Kb6 g4
66. Qc6+ Kg5 67. Qd5+ Qf5 68. Qd2+ Kg6 69. Qe3 Qf3 70. Qe8+ 0-1

[Event "Mondiale Lampo FIDE 2022"]
[Site "Alma Ata"]
[Date "29.12.2022"]
[Round "12.51"]
[White "Harsha, Bharathakoti"]
[Black "Zhigalko, Sergei"]
[Result "0-1"]
[WhiteTitle ""]
[BlackTitle ""]
[WhiteElo "2593"]
[BlackElo "2572"]
[WhiteFideId "5078776"]
[BlackFideId "13502956"]
[EventDate "29.12.2022"]

1. f4 d5 2. Nf3 Nf6 3. g3 g6 4. Bg2 Bg7 5. O-O O-O 6. d3 c5 7. Qe1 Bg4 8. e4 Nc6
9. e5 Nd7 10. Nc3 Bxf3 11. Bxf3 e6 12. Ne2 f6 13. exf6 Qxf6 14. c3 Rae8 15. Be3
Qe7 16. Qd2 d4 17. cxd4 cxd4 18. Bf2 e5 19. Rae1 Qd6 20. Qd1 Kh8 21. Bg2 Nc5 22.
fxe5 Nxe5 23. Nc1 a5 24. a3 a4 25. Kh1 b5 26. Bg1 h5 27. h3 Rxf1 28. Rxf1 Bh6
29. Ne2 Be3 30. Bxe3 dxe3 31. d4 Ned3 32. Kg1 Nf2 33. Qc2 Ncd3 34. d5 Kh7 35.
Qc6 Qe5 36. Qxb5 Rb8 37. Qd7+ Kh6 38. Qxa4 Rxb2 39. Bf3 Nxh3+ 40. Kh1 Ng5 41.
Nd4 Qxg3 0-1

[Event "Mondiale Lampo FIDE 2022"]
[Site "Alma Ata"]
[Date "29.12.2022"]
[Round "12.52"]
[White "Vallejo Pons, Francisco"]
[Black "Narayanan, S.L."]
[Result "1-0"]
[WhiteTitle ""]
[BlackTitle ""]
[WhiteElo "2716"]
[BlackElo "2669"]
[WhiteFideId "2205530"]
[BlackFideId "5058422"]
[EventDate "29.12.2022"]

1. e4 g6 2. d4 Bg7 3. Be3 d6 4. Qd2 e5 5. Ne2 Nc6 6. Nbc3 f5 7. dxe5 Nxe5 8. Ng3
fxe4 9. Ngxe4 Nf6 10. O-O-O Bf5 11. Bb5+ Bd7 12. Nxf6+ Qxf6 13. Nd5 Qd8 14. Bg5
Qc8 15. f4 Bxb5 16. fxe5 dxe5 17. Qb4 1-0

[Event "Mondiale Lampo FIDE 2022"]
[Site "Alma Ata"]
[Date "29.12.2022"]
[Round "12.53"]
[White "Sindarov, Javokhir"]
[Black "Yakubboev, Nodirbek"]
[Result "1/2-1/2"]
[WhiteTitle ""]
[BlackTitle ""]
[WhiteElo "2654"]
[BlackElo "2647"]
[WhiteFideId "14205483"]
[BlackFideId "14203987"]
[EventDate "29.12.2022"]

1. e4 c5 2. Nf3 Nc6 3. Nc3 Nf6 4. Bb5 Qc7 5. O-O Nd4 6. Bd3 Ng4 7. g3 Nxf3+ 8.
Qxf3 Ne5 9. Qe3 Nxd3 10. Qxd3 e6 11. b3 Be7 12. Bb2 O-O 13. Qe3 b6 14. d4 cxd4
15. Qxd4 Bf6 16. Qd3 Qc6 17. Rad1 Rd8 18. Qd6 Ba6 19. Qxc6 dxc6 20. Rfe1 Rxd1
21. Rxd1 Rd8 22. Rxd8+ Bxd8 23. f4 f5 24. Kf2 Kf7 25. Ba3 c5 26. Bc1 Bf6 27. e5
Be7 28. a4 Ke8 29. Nb5 Bxb5 30. axb5 Kd7 1/2-1/2

[Event "Mondiale Lampo FIDE 2022"]
[Site "Alma Ata"]
[Date "29.12.2022"]
[Round "12.54"]
[White "Predke, Alexandr"]
[Black "Petrov, Nikita"]
[Result "1-0"]
[WhiteTitle ""]
[BlackTitle ""]
[WhiteElo "2684"]
[BlackElo "2537"]
[WhiteFideId "24107581"]
[BlackFideId "4101286"]
[EventDate "29.12.2022"]

1. Nf3 d5 2. g3 g6 3. Bg2 Bg7 4. d4 Nf6 5. O-O O-O 6. a4 Bf5 7. a5 a6 8. c3 Nbd7
9. Bf4 Nh5 10. Be3 Nhf6 11. h3 Qc8 12. g4 Bxb1 13. Qxb1 c5 14. Rc1 c4 15. Bf4 b5
16. axb6 Nxb6 17. Ra5 e6 18. Qa2 Ne4 19. Ra1 Qc6 20. Ne5 Bxe5 21. Bxe5 Nd2 22.
Rc5 Qd7 23. Rc7 Qb5 24. Qa3 Rfe8 25. g5 Nb3 26. Re1 Qa4 27. Qd6 Nc8 28. Qd7 Qxd7
29. Rxd7 Nb6 30. Rb7 Na4 31. e4 Rad8 32. Bf6 Rb8 33. Rxb8 Rxb8 34. exd5 exd5 35.
Bxd5 Nb6 36. Bc6 Rc8 37. Re7 Na5 38. Be8 Nd5 39. Bxf7+ 1-0

[Event "Mondiale Lampo FIDE 2022"]
[Site "Alma Ata"]
[Date "29.12.2022"]
[Round "12.55"]
[White "Ivic, Velimir"]
[Black "Gareyev, Timur"]
[Result "1-0"]
[WhiteTitle ""]
[BlackTitle ""]
[WhiteElo "2572"]
[BlackElo "2602"]
[WhiteFideId "950122"]
[BlackFideId "14200937"]
[EventDate "29.12.2022"]

1. e4 e5 2. Nf3 Nc6 3. Bb5 a6 4. Ba4 Nf6 5. O-O Bc5 6. c3 b5 7. Bb3 d6 8. d4 Bb6
9. Be3 Bg4 10. dxe5 Nxe5 11. Bxb6 Bxf3 12. gxf3 cxb6 13. f4 Ng6 14. Qf3 O-O 15.
Nd2 Qc7 16. Kh1 Kh8 17. Rg1 Rae8 18. Rae1 Re7 19. f5 Ne5 20. Qg3 g6 21. f4 Nc4
22. Qh4 Kg7 23. Nf3 Qc6 24. Bc2 Nxb2 25. fxg6 hxg6 26. Nd4 Qxc3 27. Nf5+ Kg8 28.
Nxe7+ Kg7 29. Nf5+ Kg8 30. Re3 Qxc2 31. Qxf6 1-0

[Event "Mondiale Lampo FIDE 2022"]
[Site "Alma Ata"]
[Date "29.12.2022"]
[Round "12.56"]
[White "Makhnev, Denis"]
[Black "Yudin, Sergei"]
[Result "1-0"]
[WhiteTitle ""]
[BlackTitle ""]
[WhiteElo "2481"]
[BlackElo "2469"]
[WhiteFideId "13707647"]
[BlackFideId "4159659"]
[EventDate "29.12.2022"]

1. d4 d5 2. Nf3 e6 3. c4 c6 4. Qc2 dxc4 5. e4 b5 6. b3 cxb3 7. axb3 Bb7 8. Bd3
Nd7 9. O-O Ngf6 10. Bb2 Be7 11. Rd1 Qb6 12. Nc3 a6 13. Qe2 c5 14. d5 e5 15. Qe3
O-O 16. Ne2 Rfe8 17. Ng3 Bf8 18. Nf5 h6 19. h3 Kh7 20. Bc1 Ng8 21. h4 g6 22. Ng3
Ngf6 23. h5 Ng4 24. Qe2 Ndf6 25. Nh4 Rac8 26. Rb1 Qa7 27. Rf1 Ba8 28. Qf3 Bg7
29. Be2 Qd7 30. Bd2 Bb7 31. Rbc1 Ba8 32. Rc2 Bf8 33. Rfc1 Rcd8 34. Qd3 Qe7 35.
Bf3 Bxd5 36. hxg6+ fxg6 37. exd5 e4 38. Nxe4 Nxe4 39. Nxg6 Ngxf2 40. Nxe7 Rxe7
41. Bxe4+ Nxe4 42. Re1 1-0

[Event "Mondiale Lampo FIDE 2022"]
[Site "Alma Ata"]
[Date "29.12.2022"]
[Round "12.57"]
[White "Bilguun, Sumiya"]
[Black "Vokhidov, Shamsiddin"]
[Result "1-0"]
[WhiteTitle ""]
[BlackTitle ""]
[WhiteElo "2474"]
[BlackElo "2579"]
[WhiteFideId "4901541"]
[BlackFideId "14204223"]
[EventDate "29.12.2022"]

1. e4 e5 2. Nf3 Nc6 3. Bc4 Bc5 4. O-O Nf6 5. d3 d6 6. a4 a6 7. c3 Ba7 8. Na3 O-O
9. Bg5 h6 10. Bh4 g5 11. Bg3 Nh7 12. Nc2 h5 13. h4 g4 14. Nh2 Ne7 15. d4 Ng6 16.
f3 gxf3 17. Nxf3 Bg4 18. Ne3 Be6 19. Bd3 Kh8 20. Nf5 Rg8 21. Kh2 Nf4 22. Bxf4
exf4 23. Qd2 Bxf5 24. exf5 Rg4 25. Rae1 Qf6 26. Re4 Qh6 27. Re7 Qg7 28. Rxc7 Rg8
29. Rf2 Nf6 30. Rxb7 Bb8 31. Kg1 d5 32. Ng5 Rf8 33. Ne6 fxe6 34. Rxg7 Rxg7 35.
fxe6 Ng4 36. Qe2 Bd6 37. Rf1 Rfg8 38. Bf5 Nf6 39. Rf2 Rg3 40. Rf3 R3g7 41. b3
Rc8 42. c4 Rb8 43. c5 Bc7 44. e7 Re8 45. Qe6 Ng8 46. Qxd5 Rexe7 47. Be6 Nf6 48.
Qf5 Nh7 49. d5 Re8 50. Qxh5 Rf8 51. d6 Bd8 52. c6 Bb6+ 53. Kh2 Rf6 54. c7 1-0

[Event "Mondiale Lampo FIDE 2022"]
[Site "Alma Ata"]
[Date "29.12.2022"]
[Round "12.58"]
[White "Averin, Nikolay"]
[Black "Ghaem Maghami, Ehsan"]
[Result "1/2-1/2"]
[WhiteTitle ""]
[BlackTitle ""]
[WhiteElo "2342"]
[BlackElo "2490"]
[WhiteFideId "24250473"]
[BlackFideId "12500739"]
[EventDate "29.12.2022"]

1. e4 c5 2. Nf3 e6 3. d4 cxd4 4. Nxd4 a6 5. Nc3 b5 6. Bd3 Bb7 7. O-O Qc7 8. Re1
Nf6 9. a3 Bd6 10. h3 Nc6 11. Nb3 Be7 12. f4 d6 13. Be3 O-O 14. Qf3 Rac8 15. Qf2
Nd7 16. Ne2 Na5 17. Nxa5 Qxa5 18. Nd4 Qc7 19. Nb3 Bf6 20. c3 Rfe8 21. Bd4 e5 22.
Be3 exf4 23. Bxf4 Ne5 24. Qc2 Qe7 25. Rad1 Bh4 26. Re3 Bg5 27. Qf2 Bxf4 28. Qxf4
Ng6 29. Qf2 Ne5 30. Qg3 g6 31. Bb1 Nc4 32. Re2 Qe5 33. Qf2 Re6 34. Nd4 Rf6 35.
Qh4 Rf4 36. Qe1 Re8 37. Nf3 Qc5+ 38. Kh1 Qc7 39. Rd4 Ne5 40. Nxe5 Rxe5 41. Qg3
Rf6 42. Qd3 Qe7 43. Rd2 Rfe6 44. Rxd6 Bxe4 45. Rxe6 Qxe6 46. Qd8+ Kg7 47. Bxe4
Rxe4 48. Qd6 Re1+ 49. Kh2 Re4 50. Qxe6 Rxe6 51. Kg3 h5 52. Kf3 Kf6 53. Rd5 Ke7
54. Rd4 f5 55. h4 Kf6 56. Rd7 Ke5 57. Rd4 Rc6 58. g3 Re6 59. Ke3 Rc6 60. Kf3 Kf6
61. Rd7 Re6 62. Rd4 Ke5 63. Ke3 Kf6+ 64. Kf3 g5 65. hxg5+ Kxg5 66. Rd8 Kf6 67.
Rf8+ Kg6 68. Rg8+ Kh6 69. Rh8+ Kg6 70. Rg8+ Kf6 71. Rh8 Kg6 72. Rg8+ Kf6 73. Rh8
Kg6 74. Rg8+ Kf6 1/2-1/2

[Event "Mondiale Lampo FIDE 2022"]
[Site "Alma Ata"]
[Date "29.12.2022"]
[Round "12.59"]
[White "Lintchevski, Daniil"]
[Black "Nguyen, Thai Dai Van"]
[Result "0-1"]
[WhiteTitle ""]
[BlackTitle ""]
[WhiteElo "2548"]
[BlackElo "2656"]
[WhiteFideId "4171055"]
[BlackFideId "358878"]
[EventDate "29.12.2022"]

1. e4 c5 2. Nf3 e6 3. d4 cxd4 4. Nxd4 Nc6 5. Nc3 Nf6 6. Be2 Bb4 7. O-O Bxc3 8.
bxc3 Nxe4 9. Nxc6 dxc6 10. Bd3 Nc5 11. Qg4 Qf6 12. Bg5 Qxc3 13. Rad1 O-O 14.
Bxh7+ Kxh7 15. Rd4 f6 16. Be3 b6 17. Rfd1 Qxc2 18. Qh5+ Kg8 19. Rh4 Qf5 20. Qe2
Ba6 21. Qb2 Rad8 0-1

[Event "Mondiale Lampo FIDE 2022"]
[Site "Alma Ata"]
[Date "29.12.2022"]
[Round "12.60"]
[White "Ter-Sahakyan, Samvel"]
[Black "Tin, Jingyao"]
[Result "0-1"]
[WhiteTitle ""]
[BlackTitle ""]
[WhiteElo "2605"]
[BlackElo "2562"]
[WhiteFideId "13302531"]
[BlackFideId "5804418"]
[EventDate "29.12.2022"]

1. e4 c6 2. d4 d5 3. e5 c5 4. c3 cxd4 5. cxd4 Bf5 6. Nc3 e6 7. Nf3 Nc6 8. Be2
Nge7 9. O-O Ng6 10. Be3 Be7 11. Rc1 O-O 12. Na4 Rc8 13. h3 h5 14. Nd2 h4 15. Nb3
Nb4 16. Nc3 Nc6 17. Bg4 Bxg4 18. Qxg4 Bb4 19. Ne2 Na5 20. Rxc8 Qxc8 21. Nxa5
Bxa5 22. Rc1 Qd7 23. Nf4 Nxf4 24. Bxf4 Rc8 25. Rxc8+ Qxc8 26. Bh6 g6 27. Qxh4
Bd8 28. Qf4 Qc2 29. Qc1 Qxc1+ 30. Bxc1 Bb6 31. Be3 Ba5 32. g4 Kg7 33. Kg2 Bb6
34. Kg3 Bc7 35. h4 Bd8 36. h5 gxh5 37. gxh5 Bb6 38. Kf3 Bc7 39. Bg5 Bb6 40. Ke3
a6 41. Kd3 Ba5 42. a3 Bc7 43. Be3 Ba5 44. Ke2 Bb6 45. Kf3 Bd8 46. Kg4 Bc7 47. f4
f5+ 48. exf6+ Kxf6 49. Bf2 Bb6 50. Be3 Ba7 51. a4 b5 52. b3 bxa4 53. bxa4 Bb6
54. Bf2 Ba7 55. Bg1 Bb6 56. Be3 Ba7 57. h6 Kg6 58. h7 Kxh7 59. f5 Kg7 60. Kg5 e5
61. Bf2 Bxd4 62. Be1 Kf7 63. Bd2 Bc5 64. f6 e4 65. Kf5 e3 66. Be1 Ba3 67. Ke5
Bc1 68. Kxd5 Bd2 69. Bh4 e2 70. Kc6 a5 71. Kb5 e1=Q 0-1

[Event "Mondiale Lampo FIDE 2022"]
[Site "Alma Ata"]
[Date "29.12.2022"]
[Round "12.61"]
[White "Munkhgal, Gombosuren"]
[Black "Batsuren, Dambasuren"]
[Result "1/2-1/2"]
[WhiteTitle ""]
[BlackTitle ""]
[WhiteElo "2463"]
[BlackElo "2525"]
[WhiteFideId "4901266"]
[BlackFideId "4902920"]
[EventDate "29.12.2022"]

1. d4 d5 2. Bf4 Nf6 3. e3 e6 4. Nf3 Bd6 5. Bg3 O-O 6. Bd3 b6 7. Ne5 Ba6 8. Bxa6
Nxa6 9. O-O c5 10. c3 Nb8 11. Nd2 Qc7 12. f4 Nc6 13. Qf3 Ne7 14. Bh4 Ne8 15.
Bxe7 Qxe7 16. Nc6 Qd7 17. Ne5 Qe7 18. Nc6 Qd7 19. Ne5 Qe7 20. Nc6 1/2-1/2

[Event "Mondiale Lampo FIDE 2022"]
[Site "Alma Ata"]
[Date "29.12.2022"]
[Round "12.62"]
[White "Savchenko, Boris"]
[Black "Zverev, Lev"]
[Result "0-1"]
[WhiteTitle ""]
[BlackTitle ""]
[WhiteElo "2552"]
[BlackElo "2310"]
[WhiteFideId "4147332"]
[BlackFideId "24250775"]
[EventDate "29.12.2022"]

1. e4 e5 2. Nf3 Nc6 3. d4 exd4 4. Nxd4 Nf6 5. Nxc6 bxc6 6. e5 Qe7 7. Qe2 Nd5 8.
h4 f6 9. c4 Ba6 10. Rh3 fxe5 11. Bg5 Nf6 12. Ra3 Bb7 13. Re3 O-O-O 14. Rxe5 Qf7
15. Nc3 Bd6 16. Re3 h6 17. Bxf6 gxf6 18. Qf3 Bc5 19. Re4 d5 20. Re2 Kb8 21.
O-O-O d4 22. Ne4 Be7 23. Qd3 c5 24. Ng3 Bd6 25. Nf5 Bf4+ 26. Kc2 Rhe8 27. g3
Rxe2+ 28. Bxe2 Re8 29. f3 Be3 30. Kb1 h5 31. a3 Bc8 32. Ka2 Re5 33. g4 hxg4 34.
fxg4 Ba6 35. h5 Bg5 36. Kb3 Bc8 37. Bf3 Bxf5 38. Qf1 Re3+ 39. Ka2 Bd3 40. Qh1
Qxc4+ 41. Ka1 Qb3 42. Bd5 c4 43. Rc1 Re2 44. Rb1 Bxb1 45. Qxb1 Rc2 46. Be4 Rc1 0-1

[Event "Mondiale Lampo FIDE 2022"]
[Site "Alma Ata"]
[Date "29.12.2022"]
[Round "12.63"]
[White "Sjugirov, Sanan"]
[Black "Urazayev, Arystanbek"]
[Result "0-1"]
[WhiteTitle ""]
[BlackTitle ""]
[WhiteElo "2712"]
[BlackElo "2465"]
[WhiteFideId "4189302"]
[BlackFideId "13709810"]
[EventDate "29.12.2022"]

1. d4 d5 2. c4 e6 3. Nf3 Nf6 4. Nc3 Nbd7 5. Bg5 h6 6. Bh4 c6 7. cxd5 exd5 8. e3
Be7 9. Bd3 O-O 10. Qc2 Re8 11. O-O Ne4 12. Bxe4 Bxh4 13. Bh7+ Kh8 14. Bd3 Be7
15. Rae1 Bd6 16. e4 dxe4 17. Nxe4 Bb4 18. Re2 Nb6 19. Qb3 Nd5 20. Ne5 Be6 21.
Bc4 a5 22. Qf3 Kg8 23. a3 Bf8 24. Rfe1 Qb6 25. Rd1 Rad8 26. h3 Qc7 27. Ba2 Nf4
28. Qxf4 Bxa2 29. Qg3 Rxe5 30. Nf6+ Kh8 31. Rxe5 gxf6 32. Rf5 Qxg3 33. fxg3 a4
34. Rxf6 Bg7 35. Rf4 c5 36. d5 Bd4+ 0-1